Most dangerous mountains in the world - Statistics

General Stats
  • This quiz has been taken 12 times
  • The average score is 2 of 5
Answer Stats
Rank Country Mortality rate Altitude Major risks Mountain % Correct
3 India/China 19% 8611 m Verticality of the path, unstable weather, collapses of seracs (glacial walls) Chogori (K2)
100%
1 Nepal 26,7% 8091 m Avalanches, unstable weather Annapurna I
42%
5 India/Nepal 12,7% 8586 m Geographic isolation Kanchenjunga
17%
2 Pakistan 21% 8126 m Avalanches, unstable weather, terrorism Nanga Parbat
17%
4 Nepal 15,6% 8167 m Avalanches, geographic isolation Dhaulagiri
8%
No matching quizzes found
Score Distribution
Percent of People with Each Score
Percentile by Number Answered
Your Score History
You have not taken this quiz